[Event "Campinas - Memorial Antonio Rocha 2011"]
[Site "Campinas BRA"]
[Date "2011.01.18"]
[Round "6.7"]
[White "Tsuboi, Edson Kenji"]
[Black "Zambrana, Osvaldo"]
[Result "1/2-1/2"]
[WhiteElo "2380"]
[BlackElo "2513"]
[PlyCount "57"]
[EventDate "2011.01.13"]
[EventType "tourn"]
[EventRounds "13"]
[EventCountry "BRA"]
[EventCategory "8"]
[Source "lmi"]
[SourceDate "2011.01.13"]

1. e4 c5 2. Nf3 Nc6 3. d4 cxd4 4. Nxd4 Nf6 5. Nc3 e5 6. Ndb5 d6 7. Bg5 a6 8.
Na3 b5 9. Nd5 Be7 10. Bxf6 Bxf6 11. c3 Bg5 12. Nc2 Ne7 13. Ncb4 O-O 14. a4 bxa4
15. Qxa4 a5 16. Bb5 Nxd5 17. Nxd5 f5 18. O-O fxe4 19. Qxe4 Bb7 20. Bd3 g6 21.
g3 Kg7 22. h4 Bh6 23. Bc2 Kh8 24. Rad1 Qd7 25. Qe2 Qf7 26. Be4 Ba6 27. Bd3 Bb7
28. Be4 Ba6 29. Bd3 1/2-1/2

[Event "Campinas - Memorial Antonio Rocha 2011"]
[Site "Campinas BRA"]
[Date "2011.01.19"]
[Round "7.1"]
[White "Zambrana, Osvaldo"]
[Black "Mareco, Sandro"]
[Result "0-1"]
[WhiteElo "2513"]
[BlackElo "2627"]
[PlyCount "76"]
[EventDate "2011.01.13"]
[EventType "tourn"]
[EventRounds "13"]
[EventCountry "BRA"]
[EventCategory "8"]
[Source "lmi"]
[SourceDate "2011.01.13"]

1. e4 c5 2. Nf3 d6 3. d4 cxd4 4. Nxd4 Nf6 5. Nc3 a6 6. Bg5 Nbd7 7. Qe2 Qc7 8.
O-O-O e6 9. f4 b5 10. f5 e5 11. Nd5 Nxd5 12. exd5 Nb6 13. g4 h5 14. gxh5 Be7
15. Rg1 Nxd5 16. Qg2 Bb7 17. Bxe7 Qxe7 18. Qxg7 O-O-O 19. f6 Qxf6 20. Qxf6 Nxf6
21. Nf5 Kc7 22. Rg7 Bd5 23. c4 Be6 24. cxb5 axb5 25. h6 b4 26. Bd3 d5 27. Rf1
Nh5 28. Rg5 Nf4 29. Bc2 Kb6 30. Ng7 Bh3 31. Rxf4 exf4 32. Rh5 Bg2 33. Kd2 Be4
34. Nf5 Rdg8 35. Nh4 Rg1 36. Bd1 Rf1 37. Ke2 Rh1 38. Nf5 f3+ 0-1

[Event "Campinas - Memorial Antonio Rocha 2011"]
[Site "Campinas BRA"]
[Date "2011.01.19"]
[Round "7.4"]
[White "Mecking, Henrique Costa"]
[Black "De Nucci, Gilberto"]
[Result "1-0"]
[WhiteElo "2562"]
[BlackElo "2066"]
[PlyCount "57"]
[EventDate "2011.01.13"]
[EventType "tourn"]
[EventRounds "13"]
[EventCountry "BRA"]
[EventCategory "8"]
[Source "lmi"]
[SourceDate "2011.01.13"]

1. d4 Nf6 2. c4 c5 3. d5 e5 4. Nc3 d6 5. e4 Nbd7 6. Nf3 a6 7. Be2 Be7 8. O-O
O-O 9. a3 Ne8 10. b4 b6 11. Rb1 g6 12. Bh6 Ng7 13. Qd2 Nf6 14. Ne1 Kh8 15. Nd3
Ng8 16. Be3 f5 17. f3 Bd7 18. bxc5 bxc5 19. Rb7 Nf6 20. Nxe5 Qc8 21. Nxd7 Nxd7
22. Rfb1 Bf6 23. Bf4 Ne5 24. exf5 Qxf5 25. Be3 Ne8 26. Ne4 Bg7 27. Bh6 Ng4 28.
Bxg7+ Nxg7 29. Ng3 1-0

[Event "Campinas - Memorial Antonio Rocha 2011"]
[Site "Campinas BRA"]
[Date "2011.01.19"]
[Round "7.6"]
[White "Leitao, Rafael Duailibe"]
[Black "Vescovi, Giovanni Portilho"]
[Result "1/2-1/2"]
[WhiteElo "2609"]
[BlackElo "2631"]
[PlyCount "62"]
[EventDate "2011.01.13"]
[EventType "tourn"]
[EventRounds "13"]
[EventCountry "BRA"]
[EventCategory "8"]
[Source "lmi"]
[SourceDate "2011.01.13"]

1. d4 d5 2. c4 c6 3. Nf3 Nf6 4. e3 Bf5 5. Nc3 e6 6. Nh4 Bg6 7. Be2 Nbd7 8. O-O
Bd6 9. g3 O-O 10. Nxg6 hxg6 11. b3 Qe7 12. Bf3 a6 13. Bg2 Ba3 14. Bd2 Rac8 15.
Rb1 Bb4 16. Qe2 e5 17. dxe5 Nxe5 18. cxd5 cxd5 19. Nxd5 Nxd5 20. Bxd5 Bxd2 21.
Qxd2 Rfd8 22. Kg2 Ng4 23. Rbd1 Nf6 24. e4 Rd7 25. Rfe1 Rcd8 26. Qc2 Qb4 27. Qc4
Nxd5 28. exd5 Qxc4 29. bxc4 b5 30. cxb5 axb5 31. Re4 Rxd5 1/2-1/2

[Event "Campinas - Memorial Antonio Rocha 2011"]
[Site "Campinas BRA"]
[Date "2011.01.19"]
[Round "7.7"]
[White "Rodriguez Vila, Andres"]
[Black "Flores, Diego"]
[Result "1/2-1/2"]
[WhiteElo "2511"]
[BlackElo "2528"]
[PlyCount "31"]
[EventDate "2011.01.13"]
[EventType "tourn"]
[EventRounds "13"]
[EventCountry "BRA"]
[EventCategory "8"]
[Source "lmi"]
[SourceDate "2011.01.13"]

1. c4 c5 2. Nf3 g6 3. Nc3 Bg7 4. g3 Nc6 5. Bg2 e5 6. O-O d6 7. Ne1 Be6 8. d3
Nge7 9. Nd5 O-O 10. Nc2 Rb8 11. Bg5 f6 12. Bd2 b5 13. b3 Qd7 14. Qc1 Nd4 15.
Nxd4 cxd4 16. Qa3 1/2-1/2

[Event "Campinas - Memorial Antonio Rocha 2011"]
[Site "Campinas BRA"]
[Date "2011.01.20"]
[Round "8.1"]
[White "Mareco, Sandro"]
[Black "Flores, Diego"]
[Result "1-0"]
[WhiteElo "2627"]
[BlackElo "2628"]
[PlyCount "81"]
[EventDate "2011.01.13"]
[EventType "tourn"]
[EventRounds "13"]
[EventCountry "BRA"]
[EventCategory "8"]
[Source "lmi"]
[SourceDate "2011.01.13"]

1. d4 Nf6 2. c4 e6 3. Nf3 d5 4. g3 Bb4+ 5. Bd2 Be7 6. Bg2 O-O 7. O-O c6 8. Qc2
Nbd7 9. Rd1 b6 10. b3 Ba6 11. a4 c5 12. a5 dxc4 13. bxc4 Bb7 14. d5 exd5 15. a6
Bc6 16. Ng5 Rc8 17. cxd5 Ba8 18. Bf4 h6 19. d6 hxg5 20. dxe7 Qxe7 21. Bd6 Qe6
22. Bxa8 Rxa8 23. Bxf8 Nxf8 24. Nc3 Re8 25. Ra3 Qc6 26. Qa4 Qc8 27. Qc4 Qc6 28.
Ra2 Ne6 29. f3 Nc7 30. Rb2 g6 31. Nb5 Nxb5 32. Rxb5 g4 33. Rb3 gxf3 34. Rxf3 b5
35. Qf4 Re6 36. Rdf1 c4 37. Qd4 Rd6 38. Rxf6 Rxd4 39. Rxc6 b4 40. e3 Re4 41.
Rf4 1-0

[Event "Campinas - Memorial Antonio Rocha 2011"]
[Site "Campinas BRA"]
[Date "2011.01.20"]
[Round "8.3"]
[White "Di Berardino, Diego Rafael"]
[Black "Leitao, Rafael Duailibe"]
[Result "0-1"]
[WhiteElo "2490"]
[BlackElo "2609"]
[PlyCount "90"]
[EventDate "2011.01.13"]
[EventType "tourn"]
[EventRounds "13"]
[EventCountry "BRA"]
[EventCategory "8"]
[Source "lmi"]
[SourceDate "2011.01.13"]

1. d4 Nf6 2. c4 e6 3. Nc3 Bb4 4. e3 O-O 5. Nge2 d5 6. a3 Be7 7. cxd5 exd5 8. g3
c6 9. Bg2 a5 10. O-O Na6 11. f3 c5 12. g4 h6 13. Bd2 Nc7 14. Be1 b6 15. Bf2 Re8
16. Re1 Bb7 17. Qd2 Ne6 18. Rad1 Qd7 19. h3 b5 20. Ng3 Bf8 21. dxc5 b4 22. axb4
axb4 23. Nce2 Nxc5 24. Nf5 Qa4 25. Nfd4 Nfd7 26. Nc1 Ne5 27. b3 Qa5 28. Bg3 Qb6
29. Qb2 g6 30. Qd2 Ba6 31. Bf1 Bg7 32. Bxa6 Rxa6 33. Bxe5 Bxe5 34. Nd3 Bxd4 35.
exd4 Rxe1+ 36. Qxe1 Ne6 37. Nxb4 Ra5 38. Nc2 Ra2 39. Nb4 Ra5 40. Nc6 Rb5 41.
Ne5 Rxb3 42. Nd7 Qd8 43. Nc5 Ng5 44. Qe2 Rxf3 45. Kg2 Qb8 0-1

[Event "Campinas - Memorial Antonio Rocha 2011"]
[Site "Campinas BRA"]
[Date "2011.01.20"]
[Round "8.5"]
[White "Saldano Dayer, Horacio"]
[Black "Mecking, Henrique Costa"]
[Result "1/2-1/2"]
[WhiteElo "2401"]
[BlackElo "2562"]
[PlyCount "44"]
[EventDate "2011.01.13"]
[EventType "tourn"]
[EventRounds "13"]
[EventCountry "BRA"]
[EventCategory "8"]
[Source "lmi"]
[SourceDate "2011.01.13"]

1. e4 e5 2. Nf3 Nc6 3. Bb5 a6 4. Ba4 Nf6 5. O-O Be7 6. Re1 b5 7. Bb3 d6 8. c3
O-O 9. d4 Bg4 10. d5 Na5 11. Bc2 c6 12. h3 Bc8 13. dxc6 Qc7 14. Nbd2 Qxc6 15.
Nf1 Be6 16. Ng5 Nc4 17. Nxe6 fxe6 18. a4 Kh8 19. Qe2 Nb6 20. axb5 axb5 21. Rxa8
Nxa8 22. Bd3 Nc7 1/2-1/2

[Event "Campinas - Memorial Antonio Rocha 2011"]
[Site "Campinas BRA"]
[Date "2011.01.20"]
[Round "8.7"]
[White "Zambrana, Osvaldo"]
[Black "Name, Gabriel Ricardo S"]
[Result "1-0"]
[WhiteElo "2513"]
[BlackElo "2138"]
[PlyCount "63"]
[EventDate "2011.01.13"]
[EventType "tourn"]
[EventRounds "13"]
[EventCountry "BRA"]
[EventCategory "8"]
[Source "lmi"]
[SourceDate "2011.01.13"]

1. e4 c6 2. d4 d5 3. Nd2 dxe4 4. Nxe4 Nd7 5. Ng5 Ndf6 6. Bc4 Nh6 7. N1f3 g6 8.
Ne5 Nd5 9. Ngf3 Bg7 10. O-O O-O 11. Re1 Nf5 12. Bf1 Nc7 13. c3 Ne6 14. a4 c5
15. d5 Nc7 16. Bc4 e6 17. Bg5 f6 18. dxe6 Bxe6 19. Qb3 Bxc4 20. Nxc4 Kh8 21.
Bf4 Qc8 22. Nd6 Nxd6 23. Bxd6 Rd8 24. Bxc5 b6 25. Be7 Rd7 26. Rad1 Rxd1 27.
Qxd1 Na6 28. Qd6 Qc7 29. Qxc7 Nxc7 30. Bd6 Ne8 31. Bg3 Rd8 32. Nd4 1-0

[Event "Campinas - Memorial Antonio Rocha 2011"]
[Site "Campinas BRA"]
[Date "2011.01.21"]
[Round "9.3"]
[White "Mecking, Henrique Costa"]
[Black "Tsuboi, Edson Kenji"]
[Result "1/2-1/2"]
[WhiteElo "2562"]
[BlackElo "2380"]
[PlyCount "63"]
[EventDate "2011.01.13"]
[EventType "tourn"]
[EventRounds "13"]
[EventCountry "BRA"]
[EventCategory "8"]
[Source "lmi"]
[SourceDate "2011.01.13"]

1. d4 Nf6 2. c4 e6 3. Nc3 Bb4 4. e3 O-O 5. Bd3 d5 6. a3 Bxc3+ 7. bxc3 dxc4 8.
Bxc4 c5 9. Ne2 Nc6 10. O-O e5 11. Bb2 Be6 12. Bxe6 fxe6 13. a4 Rf7 14. dxc5 Na5
15. Ng3 Rd7 16. Qc2 Rd2 17. Qb1 Qd5 18. e4 Qxc5 19. Bc1 Rd7 20. Qb4 Qc7 21. Bg5
Rf8 22. Rad1 b6 23. h3 h6 24. Bxf6 Rxf6 25. Rfe1 Rf8 26. Nf1 Rfd8 27. Ne3 Rxd1
28. Rxd1 Rxd1+ 29. Nxd1 Nc4 30. f3 Kf7 31. Kf2 Qc6 32. Ke2 1/2-1/2

[Event "Campinas - Memorial Antonio Rocha 2011"]
[Site "Campinas BRA"]
[Date "2011.01.21"]
[Round "9.4"]
[White "Santos, Marcus Vinicius M"]
[Black "Saldano Dayer, Horacio"]
[Result "1/2-1/2"]
[WhiteElo "2365"]
[BlackElo "2401"]
[PlyCount "124"]
[EventDate "2011.01.13"]
[EventType "tourn"]
[EventRounds "13"]
[EventCountry "BRA"]
[EventCategory "8"]
[Source "lmi"]
[SourceDate "2011.01.13"]

1. e4 c6 2. d4 d5 3. exd5 cxd5 4. Bd3 Nc6 5. c3 Qc7 6. Nf3 Bg4 7. Nbd2 e6 8.
Nf1 Bh5 9. Ng3 Bg6 10. O-O Bd6 11. Re1 Nge7 12. Qe2 O-O 13. Bxg6 Nxg6 14. Nh5
Rfe8 15. Bd2 Rab8 16. Rac1 b5 17. Qd3 f6 18. Re2 Qf7 19. Rce1 Nf8 20. Ng3 Qg6
21. Qxg6 hxg6 22. Rc1 Rec8 23. Ree1 Kf7 24. Ne2 g5 25. h3 a5 26. Red1 Nd7 27.
Ne1 Rc7 28. Nd3 Rbc8 29. Kf1 Nb6 30. b3 Nd7 31. Re1 Nd8 32. f3 Nb8 33. a4 bxa4
34. bxa4 Rc4 35. Ra1 Nd7 36. Reb1 Rb8 37. Rb5 Rxa4 38. Rxa5 Rxa5 39. Rxa5 Nb6
40. Ra7+ Rb7 41. Rxb7+ Nxb7 42. f4 Nc4 43. Bc1 gxf4 44. Bxf4 Bxf4 45. Nexf4
Nd2+ 46. Ke1 Ne4 47. Ne2 Nbd6 48. Nf2 e5 49. dxe5 fxe5 50. Ng4 Ke6 51. Kd1 Nf5
52. Kc2 Nh4 53. Ne3 Nd6 54. Kd3 Ndf5 55. Nxf5 Kxf5 56. g3 Ng6 57. Ke3 Ne7 58.
Kf3 g5 59. Ke3 Ke6 60. Kf3 Kf5 61. Ke3 Nc8 62. h4 gxh4 1/2-1/2

[Event "Campinas - Memorial Antonio Rocha 2011"]
[Site "Campinas BRA"]
[Date "2011.01.21"]
[Round "9.5"]
[White "Leitao, Rafael Duailibe"]
[Black "De Nucci, Gilberto"]
[Result "1-0"]
[WhiteElo "2609"]
[BlackElo "2066"]
[PlyCount "69"]
[EventDate "2011.01.13"]
[EventType "tourn"]
[EventRounds "13"]
[EventCountry "BRA"]
[EventCategory "8"]
[Source "lmi"]
[SourceDate "2011.01.13"]

1. d4 Nf6 2. c4 c5 3. d5 e5 4. Nc3 d6 5. e4 Nbd7 6. Bd3 Be7 7. Nge2 h5 8. h4 a6
9. f3 Nf8 10. Be3 Bd7 11. a3 Ng6 12. g3 a5 13. Nb5 Bxb5 14. cxb5 b6 15. Nc3 Nd7
16. b3 Bf6 17. Qd2 Qe7 18. Rc1 Ngf8 19. Bf1 Rg8 20. Nd1 Qd8 21. Nb2 Rh8 22. Bh3
Qb8 23. Nc4 Be7 24. O-O Rg8 25. f4 Bf6 26. b4 Qc7 27. Qe2 Rh8 28. bxa5 bxa5 29.
b6 Nxb6 30. fxe5 dxe5 31. d6 Qc6 32. Nxb6 Qxb6 33. Rxc5 Qa6 34. Qxa6 Rxa6 35.
Rxf6 1-0

[Event "Campinas - Memorial Antonio Rocha 2011"]
[Site "Campinas BRA"]
[Date "2011.01.21"]
[Round "9.6"]
[White "Rodriguez Vila, Andres"]
[Black "Di Berardino, Diego Rafael"]
[Result "1-0"]
[WhiteElo "2511"]
[BlackElo "2490"]
[PlyCount "115"]
[EventDate "2011.01.13"]
[EventType "tourn"]
[EventRounds "13"]
[EventCountry "BRA"]
[EventCategory "8"]
[Source "lmi"]
[SourceDate "2011.01.13"]

1. c4 g6 2. d4 Nf6 3. f3 Bg7 4. e4 d6 5. Be3 O-O 6. Nc3 Nc6 7. Nge2 a6 8. Qd2
Rb8 9. Nc1 e5 10. d5 Nd4 11. Nb3 Nxb3 12. axb3 c5 13. g4 h5 14. h3 Nh7 15. gxh5
Qh4+ 16. Kd1 Qxh5 17. Be2 Qh4 18. Kc2 f5 19. Raf1 Bd7 20. Bd3 f4 21. Bf2 Qe7
22. Rfg1 Kf7 23. Be1 Rg8 24. Nd1 Bf6 25. Nf2 Bh4 26. Qe2 Nf6 27. Ng4 Rh8 28.
Bc3 b5 29. cxb5 axb5 30. Ra1 Nh5 31. Ra7 Ng3 32. Qg2 Bf6 33. Rha1 Rhc8 34. Kb1
Qd8 35. R1a6 Rc7 36. Rxd6 Rxa7 37. Rxf6+ Qxf6 38. Nxf6 Kxf6 39. Qd2 g5 40. h4
Re8 41. Qf2 Rc7 42. b4 gxh4 43. bxc5 h3 44. b4 Kg5 45. Qb2 Bc8 46. Bxe5 Rh7 47.
Bf6+ Kg6 48. e5+ Bf5 49. Bxf5+ Nxf5 50. Qh2 Ra8 51. c6 Ra4 52. Qxf4 Rxb4+ 53.
Qxb4 h2 54. Qe1 h1=Q 55. Qxh1 Rxh1+ 56. Kb2 Rh2+ 57. Kb3 Rh7 58. Kb4 1-0

[Event "Campinas - Memorial Antonio Rocha 2011"]
[Site "Campinas BRA"]
[Date "2011.01.22"]
[Round "10.1"]
[White "Mareco, Sandro"]
[Black "Vescovi, Giovanni Portilho"]
[Result "0-1"]
[WhiteElo "2627"]
[BlackElo "2631"]
[PlyCount "74"]
[EventDate "2011.01.13"]
[EventType "tourn"]
[EventRounds "13"]
[EventCountry "BRA"]
[EventCategory "8"]
[Source "lmi"]
[SourceDate "2011.01.13"]

1. d4 Nf6 2. c4 g6 3. Nc3 d5 4. Bf4 Bg7 5. e3 c6 6. Nf3 O-O 7. Be2 e6 8. O-O b6
9. Rc1 Bb7 10. Qb3 Nbd7 11. Rfd1 Qe7 12. c5 Qd8 13. Na4 Ne4 14. Nd2 Nxd2 15.
Rxd2 Re8 16. Bg3 e5 17. dxe5 Bxe5 18. cxb6 axb6 19. Bg4 Bxg3 20. hxg3 Ne5 21.
Be2 Ba6 22. Bxa6 Rxa6 23. Rd4 h5 24. e4 Ng4 25. exd5 cxd5 26. Nc3 Qf6 27. Rf4
Qe6 28. Qd1 Ra5 29. b4 Ra7 30. Qd2 Rc7 31. Rf1 Qe5 32. Nxd5 Rd7 33. Rd4 Red8
34. Rd1 Kg7 35. Rd3 h4 36. Qf4 Qe2 37. Qd4+ f6 0-1

[Event "Campinas - Memorial Antonio Rocha 2011"]
[Site "Campinas BRA"]
[Date "2011.01.22"]
[Round "10.2"]
[White "Di Berardino, Diego Rafael"]
[Black "Flores, Diego"]
[Result "0-1"]
[WhiteElo "2490"]
[BlackElo "2628"]
[PlyCount "128"]
[EventDate "2011.01.13"]
[EventType "tourn"]
[EventRounds "13"]
[EventCountry "BRA"]
[EventCategory "8"]
[Source "lmi"]
[SourceDate "2011.01.13"]

1. d4 Nf6 2. c4 e6 3. Nc3 Bb4 4. e3 O-O 5. Bd3 d5 6. Nf3 c5 7. O-O Nc6 8. a3
Bxc3 9. bxc3 dxc4 10. Bxc4 Qc7 11. Ba2 e5 12. Qc2 e4 13. Ng5 Bf5 14. f3 Rae8
15. fxe4 Bg6 16. Qe2 Nxe4 17. Nxe4 Rxe4 18. Qb5 Na5 19. Bd5 Re7 20. e4 a6 21.
Qd3 Qd7 22. Bg5 Ree8 23. Qf3 cxd4 24. cxd4 Nc4 25. Rad1 Nb6 26. Rfe1 h6 27. Bh4
Nxd5 28. exd5 f6 29. Bg3 Kh7 30. d6 Rxe1+ 31. Rxe1 Re8 32. Rc1 Be4 33. Rc7 Qa4
34. Qe3 Qd1+ 35. Be1 Bc6 36. Re7 Qc2 37. Bd2 Qb1+ 38. Bc1 Qg6 39. Qe2 Rd8 40.
Bf4 Qb1+ 41. Qf1 Qb2 42. Qd3+ Kh8 43. d5 Qa1+ 44. Kf2 Qa2+ 45. Kf3 Bb5 46. Qd2
Qxa3+ 47. Kf2 Qc5+ 48. Qe3 Qc2+ 49. Kg3 Qg6+ 50. Kf2 Qf5 51. Qe4 Qxe4 52. Rxe4
g5 53. Bg3 f5 54. Be5+ Kg8 55. Re3 Re8 56. g3 Kf7 57. h4 Bc4 58. hxg5 hxg5 59.
d7 Rd8 60. Bc7 Rxd7 61. d6 Kf6 62. Re8 Bb5 63. Rg8 Bc6 64. Bd8+ Kf7 0-1

[Event "Campinas - Memorial Antonio Rocha 2011"]
[Site "Campinas BRA"]
[Date "2011.01.22"]
[Round "10.3"]
[White "De Nucci, Gilberto"]
[Black "Rodriguez Vila, Andres"]
[Result "0-1"]
[WhiteElo "2066"]
[BlackElo "2511"]
[PlyCount "106"]
[EventDate "2011.01.13"]
[EventType "tourn"]
[EventRounds "13"]
[EventCountry "BRA"]
[EventCategory "8"]
[Source "lmi"]
[SourceDate "2011.01.13"]

1. d4 f5 2. c4 Nf6 3. g3 g6 4. Bg2 Bg7 5. Nf3 O-O 6. Nc3 d6 7. O-O Nc6 8. d5
Ne5 9. Nxe5 dxe5 10. e4 f4 11. gxf4 exf4 12. Re1 Ng4 13. f3 Ne3 14. Rxe3 fxe3
15. Bxe3 Be5 16. Bd4 Qd6 17. Bxe5 Qxe5 18. Qd2 g5 19. Ne2 c6 20. Qc3 Qxc3 21.
Nxc3 Kg7 22. Kf2 Kf6 23. Ke3 Ke5 24. Rh1 Rf4 25. Nd1 cxd5 26. cxd5 Bd7 27. Nf2
Rh4 28. Rc1 Rc8 29. Nd3+ Kf6 30. e5+ Kf5 31. e6 Bxe6 32. dxe6 Rxc1 33. Nxc1
Rxh2 34. Kf2 Rh4 35. Nd3 b6 36. Kg3 Rd4 37. Bh3+ Kf6 38. Nf2 h5 39. Bf1 Kxe6
40. b3 h4+ 41. Kh3 Ke5 42. Bd3 Kf4 43. Be4 e5 44. a4 a5 45. Ng4 Rxe4 46. fxe4
Kxe4 47. Nf6+ Kd4 48. Nd7 e4 49. Nxb6 e3 50. Nc4 e2 51. Nd2 Ke3 52. Nc4+ Ke4
53. Nd2+ Kf4 0-1

[Event "Campinas - Memorial Antonio Rocha 2011"]
[Site "Campinas BRA"]
[Date "2011.01.22"]
[Round "10.6"]
[White "Zambrana, Osvaldo"]
[Black "Mecking, Henrique Costa"]
[Result "1/2-1/2"]
[WhiteElo "2513"]
[BlackElo "2562"]
[PlyCount "41"]
[EventDate "2011.01.13"]
[EventType "tourn"]
[EventRounds "13"]
[EventCountry "BRA"]
[EventCategory "8"]
[Source "lmi"]
[SourceDate "2011.01.13"]

1. e4 e5 2. Nf3 Nc6 3. Bc4 Bc5 4. O-O Nf6 5. d3 d6 6. c3 a6 7. Bb3 Ba7 8. Nbd2
O-O 9. Nc4 h6 10. Be3 b5 11. Ncd2 Be6 12. Bxa7 Bxb3 13. Qxb3 Rxa7 14. a4 Na5
15. Qc2 c5 16. b4 cxb4 17. cxb4 Rc7 18. Qb2 Nc6 19. axb5 axb5 20. Rfc1 Qb8 21.
d4 1/2-1/2

[Event "Campinas - Memorial Antonio Rocha 2011"]
[Site "Campinas BRA"]
[Date "2011.01.22"]
[Round "10.7"]
[White "Name, Gabriel Ricardo S"]
[Black "Stamenkovic, Dragan"]
[Result "0-1"]
[WhiteElo "2138"]
[BlackElo "2370"]
[PlyCount "61"]
[EventDate "2011.01.13"]
[EventType "tourn"]
[EventRounds "13"]
[EventCountry "BRA"]
[EventCategory "8"]
[Source "lmi"]
[SourceDate "2011.01.13"]

1. d4 Nf6 2. c4 e6 3. Nc3 d5 4. cxd5 exd5 5. Bg5 c6 6. e3 Be7 7. Bd3 O-O 8. Qc2
Nbd7 9. Nge2 Re8 10. O-O Nf8 11. Bxf6 Bxf6 12. b4 Be7 13. b5 Bd6 14. bxc6 bxc6
15. Na4 Re6 16. g3 Rh6 17. Rfe1 Bg4 18. f4 Re6 19. Nec3 Qf6 20. Kg2 Re7 21. h3
Bd7 22. Nd1 Rae8 23. Rb1 h5 24. Rf1 h4 25. g4 Rxe3 26. Nxe3 Rxe3 27. Rf2 Rg3+
28. Kf1 Rxh3 29. g5 Qxd4 30. Rd1 Qe3 31. Be4 0-1

[Event "Campinas - Memorial Antonio Rocha 2011"]
[Site "Campinas BRA"]
[Date "2011.01.23"]
[Round "11.2"]
[White "Mecking, Henrique Costa"]
[Black "Name, Gabriel Ricardo S"]
[Result "1/2-1/2"]
[WhiteElo "2562"]
[BlackElo "2138"]
[PlyCount "28"]
[EventDate "2011.01.13"]
[EventType "tourn"]
[EventRounds "13"]
[EventCountry "BRA"]
[EventCategory "8"]
[Source "lmi"]
[SourceDate "2011.01.13"]

1. d4 d5 2. c4 c6 3. Nf3 e6 4. Qc2 Bd6 5. g3 f5 6. Bg2 Nf6 7. O-O O-O 8. b3 Qe7
9. Bb2 Bd7 10. Nc3 Be8 11. Rac1 a6 12. Rcd1 Nbd7 13. Nb1 Ng4 14. Bc1 f4 1/2-1/2

[Event "Campinas - Memorial Antonio Rocha 2011"]
[Site "Campinas BRA"]
[Date "2011.01.23"]
[Round "11.3"]
[White "Santos, Marcus Vinicius M"]
[Black "Zambrana, Osvaldo"]
[Result "0-1"]
[WhiteElo "2165"]
[BlackElo "2513"]
[PlyCount "92"]
[EventDate "2011.01.13"]
[EventType "tourn"]
[EventRounds "13"]
[EventCountry "BRA"]
[EventCategory "8"]
[Source "lmi"]
[SourceDate "2011.01.13"]

1. e4 c5 2. Nf3 e6 3. b3 Nc6 4. Bb2 Nf6 5. e5 Nd5 6. c4 Nf4 7. g3 Ng6 8. Bg2
Qc7 9. Qe2 Be7 10. h4 h5 11. O-O a6 12. Re1 b6 13. Nc3 Bb7 14. d3 O-O-O 15. Nd5
exd5 16. cxd5 Rhe8 17. d6 Bxd6 18. exd6 Rxe2 19. dxc7 Rxe1+ 20. Nxe1 Kxc7 21.
Bxg7 Rg8 22. Bf6 Nce5 23. Bf1 Ng4 24. Bg5 f6 25. Bd2 Nxh4 26. Bf4+ Ne5 27. Be2
Nhg6 28. Be3 h4 29. d4 cxd4 30. Rc1+ Bc6 31. Bxd4 Nf4 32. Bxa6 hxg3 33. fxg3
Rxg3+ 34. Kf2 Rh3 35. Bxe5+ fxe5 36. b4 Rh2+ 37. Kg3 Rxa2 38. Bc4 Ra3+ 39. Kg4
Kd6 40. Kf5 b5 41. Rd1+ Nd5 42. Bxd5 Bxd5 43. Nd3 Bb3 44. Rd2 Bc2 45. Rxc2 Rxd3
46. Rc5 Rd5 0-1

[Event "Campinas - Memorial Antonio Rocha 2011"]
[Site "Campinas BRA"]
[Date "2011.01.23"]
[Round "11.4"]
[White "Leitao, Rafael Duailibe"]
[Black "Tsuboi, Edson Kenji"]
[Result "1-0"]
[WhiteElo "2609"]
[BlackElo "2380"]
[PlyCount "79"]
[EventDate "2011.01.13"]
[EventType "tourn"]
[EventRounds "13"]
[EventCountry "BRA"]
[EventCategory "8"]
[Source "lmi"]
[SourceDate "2011.01.13"]

1. d4 Nf6 2. c4 e6 3. Nf3 d5 4. Nc3 Bb4 5. g3 dxc4 6. Bg2 O-O 7. O-O Bd7 8. Ne5
Bc6 9. e4 Bxc3 10. Nxc6 Nxc6 11. bxc3 e5 12. d5 Ne7 13. Rb1 Nc8 14. f4 Nd7 15.
Rxb7 Nd6 16. Rb2 Re8 17. Re2 f6 18. Ba3 Nb5 19. Qc1 Nd6 20. Rfe1 Kh8 21. Bh3
Re7 22. Be6 Qe8 23. f5 Nb6 24. g4 g5 25. Re3 h6 26. h4 Rh7 27. Rh3 Kg7 28. Re2
Qa4 29. hxg5 hxg5 30. Rxh7+ Kxh7 31. Rh2+ Kg7 32. Bxd6 cxd6 33. Rh5 Nd7 34. Kg2
Rh8 35. Rxg5+ fxg5 36. Qxg5+ Kf8 37. Qd8+ Kg7 38. Qe7+ Kh6 39. g5+ Kh5 40. Kg3
1-0

[Event "Campinas - Memorial Antonio Rocha 2011"]
[Site "Campinas BRA"]
[Date "2011.01.23"]
[Round "11.5"]
[White "Rodriguez Vila, Andres"]
[Black "Saldano Dayer, Horacio"]
[Result "1/2-1/2"]
[WhiteElo "2511"]
[BlackElo "2401"]
[PlyCount "103"]
[EventDate "2011.01.13"]
[EventType "tourn"]
[EventRounds "13"]
[EventCountry "BRA"]
[EventCategory "8"]
[Source "lmi"]
[SourceDate "2011.01.13"]

1. e4 c5 2. Nf3 e6 3. d3 Nc6 4. g3 g6 5. Bg2 Bg7 6. O-O Nge7 7. c3 e5 8. Be3 d6
9. a3 O-O 10. b4 b6 11. Nbd2 h6 12. Nb3 a5 13. b5 Na7 14. a4 d5 15. d4 exd4 16.
cxd4 c4 17. Nbd2 c3 18. Nb1 dxe4 19. Ne1 f5 20. Nxc3 Be6 21. f3 f4 22. Bxf4
Bxd4+ 23. Kh1 Bxc3 24. Bxh6 Qxd1 25. Rxd1 Rfd8 26. Rc1 Bd2 27. Bxd2 Rxd2 28.
fxe4 Rc8 29. Nf3 Rdd8 30. Ng5 Rxc1 31. Rxc1 Bb3 32. Rc7 Rd1+ 33. Bf1 Rxf1+ 34.
Kg2 Rf8 35. Rxe7 Nc8 36. Rc7 Bxa4 37. e5 Bxb5 38. Nh7 Bf1+ 39. Kg1 Rf3 40. Nf6+
Rxf6 41. exf6 Bh3 42. Kf2 a4 43. Kf3 a3 44. g4 Nd6 45. Ra7 Nc4 46. Kf4 Bg2 47.
Kg5 Na5 48. Re7 a2 49. Kxg6 Kf8 50. Rf7+ Kg8 51. Re7 Kf8 52. Rf7+ 1/2-1/2

[Event "Campinas - Memorial Antonio Rocha 2011"]
[Site "Campinas BRA"]
[Date "2011.01.23"]
[Round "11.6"]
[White "Flores, Diego"]
[Black "De Nucci, Gilberto"]
[Result "1-0"]
[WhiteElo "2628"]
[BlackElo "2066"]
[PlyCount "69"]
[EventDate "2011.01.13"]
[EventType "tourn"]
[EventRounds "13"]
[EventCountry "BRA"]
[EventCategory "8"]
[Source "lmi"]
[SourceDate "2011.01.13"]

1. d4 Nf6 2. c4 c5 3. d5 e5 4. Nc3 d6 5. e4 Nbd7 6. Be2 Be7 7. Nf3 a6 8. a3 Rb8
9. O-O O-O 10. b4 b6 11. Rb1 Ne8 12. Rb3 Qc7 13. Ne1 g6 14. Bh6 Ng7 15. Qd2 Nf6
16. f3 Kh8 17. Nd3 Ng8 18. Be3 f5 19. Rfb1 Ra8 20. a4 Nf6 21. R3b2 Nd7 22. a5
Ne8 23. Na4 bxa5 24. bxc5 dxc5 25. Nb6 Rb8 26. Nxd7 Rxb2 27. Qxb2 Bxd7 28.
Qxe5+ Qxe5 29. Nxe5 Ba4 30. Rb7 f4 31. Bf2 Bd6 32. Nf7+ Rxf7 33. Rxf7 Kg8 34.
Ra7 Nc7 35. Be1 1-0